[Event "Burlington VT-2"]
[Site "Burlington USA"]
[Date "1982.06.05"]
[Round "2"]
[White "Shannon, Mike"]
[Black "Brodie, Hugh"]
[Result "0-1"]
[WhiteElo "1636"]
[BlackElo "1917"]
[PlyCount "58"]
[EventDate "1982.06.05"]
[EventType "swiss"]
[EventRounds "3"]
[EventCountry "USA"]

1. e4 c5 2. Nf3 Nc6 3. d4 cxd4 4. Nxd4 g6 5. Nc3 Bg7 6. Be3 Nf6 7. Be2 O-O 8.
O-O d5 9. exd5 Nxd5 10. Nxd5 Nxd4 11. Nxe7+ Qxe7 12. Bxd4 Bxd4 13. Qxd4 Qxe2
14. Rfe1 Qxc2 15. Rac1 Qf5 16. Rc5 Qd7 17. Rd5 Qc7 18. Rc5 Qb6 19. Qc3 Be6 20.
Rc1 Rac8 21. Rxc8 Rxc8 22. Qd2 Rxc1+ 23. Qxc1 Qc6 24. Qb1 Bxa2 25. Qd1 Bd5 26.
g3 Qc4 27. Qd2 Qe4 28. f4 Qh1+ 29. Kf2 Qxh2+ 0-1

[Event "Burlington VT-2"]
[Site "Burlington USA"]
[Date "1982.06.05"]
[Round "3"]
[White "Agnew, Gerald"]
[Black "Brodie, Hugh"]
[Result "0-1"]
[WhiteElo "1976"]
[BlackElo "1917"]
[PlyCount "46"]
[EventDate "1982.06.05"]
[EventType "swiss"]
[EventRounds "3"]
[EventCountry "USA"]

1. g3 e5 2. c4 Nf6 3. Nc3 d5 4. cxd5 Nxd5 5. Bg2 Be6 6. Nf3 Nc6 7. O-O Bc5 8.
d3 f6 9. Bd2 Qd7 10. Rc1 Bb6 11. a3 h5 12. Ne4 h4 13. Nc5 Bxc5 14. Rxc5 hxg3
15. fxg3 O-O-O 16. Qa4 Nb6 17. Qc2 Bh3 18. Rf2 Bxg2 19. Rxg2 g5 20. b4 g4 21.
b5 gxf3 22. bxc6 Qd4+ 23. e3 Qa1+ 0-1

[Event "Ontario op"]
[Site "Ottawa CAN"]
[Date "1982.05.22"]
[Round "1"]
[White "Chyurlia, Jerome"]
[Black "Brodie, Hugh"]
[Result "0-1"]
[WhiteElo "1777"]
[BlackElo "1935"]
[PlyCount "56"]
[EventDate "1982.05.22"]
[EventType "swiss"]
[EventRounds "6"]
[EventCountry "CAN"]

1. e4 c5 2. Nf3 Nc6 3. d4 cxd4 4. Nxd4 g6 5. Nc3 Bg7 6. Nb3 Nf6 7. Be2 d6 8.
Be3 O-O 9. g4 a5 10. g5 Nd7 11. Qd2 a4 12. Nd4 Nb6 13. f4 Na5 14. Rb1 Nac4 15.
Bxc4 Nxc4 16. Qf2 Nxe3 17. Qxe3 Qb6 18. Nd5 Qxd4 19. Qxd4 Bxd4 20. Nxe7+ Kg7
21. c3 Bc5 22. f5 gxf5 23. exf5 f6 24. Nd5 Bxf5 25. Nxf6 Bxb1 26. Kd2 Bxa2 27.
Re1 Rxf6 28. gxf6+ Kxf6 0-1

[Event "Ontario op"]
[Site "Ottawa CAN"]
[Date "1982.05.22"]
[Round "2"]
[White "Hartman, Brian"]
[Black "Brodie, Hugh"]
[Result "1-0"]
[WhiteElo "2176"]
[BlackElo "1935"]
[PlyCount "83"]
[EventDate "1982.05.22"]
[EventType "swiss"]
[EventRounds "6"]
[EventCountry "CAN"]

1. e4 c5 2. Nf3 Nc6 3. d4 cxd4 4. Nxd4 g6 5. Nc3 Bg7 6. Be3 Nf6 7. Bc4 Qa5 8.
O-O O-O 9. Bb3 d6 10. f3 Bd7 11. Kh1 Rac8 12. Qe1 Ne5 13. Nd5 Qd8 14. Qe2 Nxd5
15. exd5 Qc7 16. c3 Rfe8 17. f4 Nc4 18. Bg1 e6 19. dxe6 fxe6 20. Nf3 Nxb2 21.
Qxb2 Bxc3 22. Qc1 Bxa1 23. Qxa1 Qc3 24. Qd1 Qb4 25. Nd4 d5 26. Nc2 Qa5 27. Ne3
Bc6 28. Ng4 Rf8 29. Bd4 Kf7 30. Re1 Ke7 31. Qe2 Bd7 32. Be5 Rc5 33. h3 h5 34.
Ne3 Bb5 35. Qf2 Bd3 36. Bd4 Rb5 37. Rd1 Be4 38. Qh4+ Kd7 39. Nc4 Qb4 40. Ne5+
Ke8 41. Re1 Bxg2+ 42. Kh2 1-0

[Event "Ontario op"]
[Site "Ottawa CAN"]
[Date "1982.05.23"]
[Round "3"]
[White "Brodie, Hugh"]
[Black "Dunphy, R."]
[Result "1-0"]
[WhiteElo "1935"]
[BlackElo "1612"]
[PlyCount "73"]
[EventDate "1982.05.22"]
[EventType "swiss"]
[EventRounds "6"]
[EventCountry "CAN"]

1. f4 d5 2. e3 Nf6 3. Nf3 Bg4 4. b3 e6 5. Bb2 Be7 6. Be2 Bxf3 7. Bxf3 O-O 8.
O-O c5 9. d3 Nc6 10. Nd2 Rc8 11. g4 h6 12. h4 Nxg4 13. Bxg4 Bxh4 14. Kh2 f5 15.
Bh3 Bf6 16. Bxf6 Qxf6 17. Rg1 d4 18. Qe2 dxe3 19. Qxe3 Nd4 20. Rac1 Rfe8 21.
Nc4 Rcd8 22. Ne5 b6 23. Rg6 Qh4 24. Rcg1 Re7 25. c3 Nc2 26. Qd2 Rf8 27. R6g3
Na3 28. Ng6 Qf6 29. Nxe7+ Qxe7 30. Rxg7+ Qxg7 31. Rxg7+ Kxg7 32. c4 Rd8 33.
Qb2+ Rd4 34. Qxa3 Rxf4 35. Qxa7+ Kf6 36. Kg3 Kg5 37. Qg7+ 1-0

[Event "Ontario op"]
[Site "Ottawa CAN"]
[Date "1982.05.23"]
[Round "4"]
[White "Brodie, Hugh"]
[Black "Hamilton, Robert"]
[Result "0-1"]
[WhiteElo "1935"]
[BlackElo "2080"]
[PlyCount "130"]
[EventDate "1982.05.22"]
[EventType "swiss"]
[EventRounds "6"]
[EventCountry "CAN"]

1. Nf3 Nf6 2. g3 b5 3. Bg2 Bb7 4. d3 e6 5. O-O Be7 6. e4 O-O 7. Nbd2 d6 8. Re1
Nbd7 9. Nf1 c5 10. c3 c4 11. dxc4 bxc4 12. Nd4 Ne5 13. Bg5 Rb8 14. Rb1 Qa5 15.
Bxf6 Bxf6 16. Qc2 Rfc8 17. Ne3 Nd3 18. Red1 Bxd4 19. cxd4 Qxa2 20. d5 exd5 21.
exd5 Rc5 22. Qc3 Bc8 23. Be4 Qb3 24. Bxd3 cxd3 25. Qxd3 Bd7 26. Qa6 Qb6 27. Qe2
a5 28. Rd2 a4 29. Re1 h6 30. Kg2 Rb5 31. Nc4 Qc5 32. Qd3 Rb4 33. Re7 Bb5 34.
Qf5 Rf8 35. Ne3 Qb6 36. Rc2 Qa6 37. Rxf7 Rxf7 38. Rc8+ Qxc8 39. Qxc8+ Kh7 40.
Qc2+ Kg8 41. Qc8+ Kh7 42. Qc2+ g6 43. h4 Rb3 44. Qd2 h5 45. Qd4 Be2 46. f4 Rd3
47. Qe4 Rd2 48. Qb4 Rd3 49. Qe4 Rb3 50. Qe6 Rbb7 51. f5 Rg7 52. f6 Rgf7 53.
Qxd6 Rxb2 54. Kg1 Rbb7 55. Kf2 Bd3 56. g4 Ra7 57. gxh5 a3 58. hxg6+ Bxg6 59.
Ng4 a2 60. Qf4 a1=Q 61. Qh6+ Kg8 62. Qxg6+ Kf8 63. Qh6+ Ke8 64. Qe3+ Rae7 65.
Qd2 Rxf6+ 0-1

[Event "Ontario op"]
[Site "Ottawa CAN"]
[Date "1982.05.24"]
[Round "5"]
[White "Basque, Roland"]
[Black "Brodie, Hugh"]
[Result "0-1"]
[WhiteElo "1812"]
[BlackElo "1935"]
[PlyCount "88"]
[EventDate "1982.05.22"]
[EventType "swiss"]
[EventRounds "6"]
[EventCountry "CAN"]

1. e4 c5 2. Nf3 Nc6 3. d4 cxd4 4. Nxd4 g6 5. Be3 Nf6 6. Nc3 Bg7 7. Be2 O-O 8.
Qd2 d5 9. Nxc6 bxc6 10. Rd1 e6 11. O-O Qc7 12. exd5 exd5 13. f3 Re8 14. Kh1 Bf5
15. Bf4 Qb7 16. Bd3 Bxd3 17. Qxd3 Nh5 18. Be3 Qxb2 19. Bd4 Bxd4 20. Qxd4 Qb6
21. Qxb6 axb6 22. Rd4 Ra3 23. Rd3 Nf4 24. Nxd5 Nxd3 25. Nf6+ Kf8 26. Nxe8 Kxe8
27. cxd3 Rxd3 28. Kg1 Rd2 29. a4 Kd7 30. Ra1 Kc7 31. a5 bxa5 32. Rxa5 Kb6 33.
Re5 Rd7 34. Kf1 c5 35. Ke1 Kb5 36. Re2 c4 37. Rd2 Rxd2 38. Kxd2 Kb4 39. Kc2 c3
40. f4 Kc4 41. g3 Kd4 42. Kc1 Ke3 43. Kc2 Kf3 44. Kxc3 Kg2 0-1

[Event "Ontario op"]
[Site "Ottawa CAN"]
[Date "1982.05.24"]
[Round "6"]
[White "Brodie, Hugh"]
[Black "Sellars, C."]
[Result "0-1"]
[WhiteElo "1935"]
[BlackElo "2076"]
[PlyCount "44"]
[EventDate "1982.05.22"]
[EventType "swiss"]
[EventRounds "6"]
[EventCountry "CAN"]

1. e4 c5 2. f4 d5 3. exd5 Nf6 4. Bc4 Nxd5 5. d3 g6 6. Ne2 Bg7 7. Nbc3 Nxc3 8.
Nxc3 O-O 9. O-O Nc6 10. Kh1 Na5 11. Bb3 Nxb3 12. axb3 Qd7 13. Be3 b6 14. Qd2 e6
15. Rad1 Bb7 16. d4 cxd4 17. Bxd4 Rad8 18. Be3 Qxd2 19. Rxd2 Rxd2 20. Bxd2 Rd8
21. Be3 a6 22. Bxb6 Rd2 0-1

[Event "Toronto op"]
[Site "Toronto CAN"]
[Date "1982.04.09"]
[Round "1"]
[White "Zendrowski, Jay"]
[Black "Brodie, Hugh"]
[Result "0-1"]
[WhiteElo "2060"]
[BlackElo "1899"]
[PlyCount "60"]
[EventDate "1982.04.09"]
[EventType "swiss"]
[EventRounds "6"]
[EventCountry "CAN"]

1. e4 c5 2. Nf3 Nc6 3. d4 cxd4 4. Nxd4 g6 5. Nc3 Bg7 6. Be3 Nf6 7. Bc4 Qa5 8.
f3 Qb4 9. Bb3 Nxe4 10. Nxc6 Bxc3+ 11. bxc3 Qxc3+ 12. Ke2 dxc6 13. Bd4 e5 14.
Bxc3 Nxc3+ 15. Ke3 Nxd1+ 16. Raxd1 Ke7 17. Rd2 Be6 18. Rhd1 Rhd8 19. Rxd8 Rxd8
20. Rxd8 Kxd8 21. Bxe6 fxe6 22. Ke4 b5 23. Kxe5 Ke7 24. a3 c5 25. g3 a5 26. c3
g5 27. h4 gxh4 28. gxh4 b4 29. cxb4 axb4 30. axb4 cxb4 0-1

[Event "Toronto op"]
[Site "Toronto CAN"]
[Date "1982.04.09"]
[Round "2"]
[White "Brodie, Hugh"]
[Black "Arens, P."]
[Result "1/2-1/2"]
[WhiteElo "1899"]
[BlackElo "2018"]
[PlyCount "107"]
[EventDate "1982.04.09"]
[EventType "swiss"]
[EventRounds "6"]
[EventCountry "CAN"]

1. f4 d5 2. e3 c5 3. b3 Nf6 4. Bb2 g6 5. Nf3 Bg7 6. Bb5+ Nbd7 7. O-O O-O 8.
Bxd7 Bxd7 9. Qe1 Bb5 10. d3 Rc8 11. c4 Bc6 12. Nbd2 b6 13. Rd1 e6 14. Ba1 Bb7
15. Ne5 Ne8 16. Ndf3 f6 17. Ng4 Qe7 18. Qh4 Nd6 19. Rfe1 Rce8 20. Qh3 Nf7 21.
Qh4 Nd6 22. Nh6+ Kh8 23. Qh3 Bc8 24. g4 Qb7 25. g5 e5 26. Qg2 d4 27. exd4 exd4
28. Rxe8 Rxe8 29. Re1 Rxe1+ 30. Nxe1 Qxg2+ 31. Kxg2 Bxh6 32. gxh6 Nf5 33. Bb2
Nxh6 34. b4 Bb7+ 35. Kh3 Bc8+ 36. Kg2 cxb4 37. Bxd4 Kg7 38. Nc2 Bf5 39. Nxb4 a5
40. Nd5 Bxd3 41. Nxb6 Nf5 42. Bc3 Ne3+ 43. Kf3 Nxc4 44. Nxc4 Bxc4 45. Bxa5 Bxa2
46. Bc3 Kf7 47. Bb2 Ke6 48. h4 Kf5 49. Bc3 h5 50. Bb2 g5 51. fxg5 fxg5 52. hxg5
Kxg5 53. Kg3 h4+ 54. Kh2 1/2-1/2

[Event "Toronto op"]
[Site "Toronto CAN"]
[Date "1982.04.10"]
[Round "3"]
[White "Pacey, Kevin"]
[Black "Brodie, Hugh"]
[Result "1-0"]
[WhiteElo "2116"]
[BlackElo "1899"]
[PlyCount "57"]
[EventDate "1982.04.09"]
[EventType "swiss"]
[EventRounds "6"]
[EventCountry "CAN"]

1. e4 c5 2. Nf3 Nc6 3. d4 cxd4 4. Nxd4 g6 5. c4 Nf6 6. Nc3 Bg7 7. Be3 Ng4 8.
Qxg4 Nxd4 9. Qd1 Ne6 10. Qd2 d6 11. Rc1 O-O 12. Be2 Bd7 13. O-O Bc6 14. Nd5 Nc5
15. f3 b6 16. b4 Nd7 17. Bg5 Bxd5 18. cxd5 Nf6 19. Ba6 Qd7 20. Rc6 Rfd8 21.
Rfc1 Ne8 22. Qc2 h6 23. Be3 Rdb8 24. Qc4 Kh7 25. Bc8 Qd8 26. Qa6 Bf6 27. Bb7
Qd7 28. Bxa8 Rxa8 29. Bxb6 1-0

[Event "Toronto op"]
[Site "Toronto CAN"]
[Date "1982.04.10"]
[Round "4"]
[White "Brodie, Hugh"]
[Black "Taschian, Gevork"]
[Result "1-0"]
[WhiteElo "1899"]
[BlackElo "2030"]
[PlyCount "91"]
[EventDate "1982.04.09"]
[EventType "swiss"]
[EventRounds "6"]
[EventCountry "CAN"]

1. Nf3 Nf6 2. b3 g6 3. Bb2 Bg7 4. g3 O-O 5. Bg2 d5 6. O-O Re8 7. c4 c6 8. Qc2
a5 9. d3 Na6 10. Nbd2 Bf5 11. Rfe1 Rc8 12. Rac1 Be6 13. Qb1 Qb6 14. e3 Red8 15.
Nd4 Qa7 16. Nxe6 fxe6 17. Nf3 b5 18. Ng5 Qd7 19. Bh3 Nc7 20. cxb5 cxb5 21. Rxc7
Qxc7 22. Bxe6+ Kf8 23. Rc1 Qb7 24. Bxc8 Rxc8 25. Ne6+ Kf7 26. Nxg7 Kxg7 27.
Rxc8 Qxc8 28. Kg2 Kf7 29. Qc1 Qf5 30. Bxf6 Kxf6 31. Qc6+ e6 32. Qxb5 h5 33. h3
g5 34. Qxa5 Qxd3 35. Qb4 e5 36. Qd6+ Kf5 37. Qd7+ Kf6 38. Qd6+ Kf5 39. g4+ hxg4
40. hxg4+ Kxg4 41. Qxe5 Kh5 42. Qd4 Qf5 43. b4 g4 44. Qf4 Qd3 45. Kg3 Qc4 46.
a4 1-0

[Event "Toronto op"]
[Site "Toronto CAN"]
[Date "1982.04.11"]
[Round "5"]
[White "Madarowicz, J."]
[Black "Brodie, Hugh"]
[Result "1-0"]
[WhiteElo "2098"]
[BlackElo "1899"]
[PlyCount "107"]
[EventDate "1982.04.09"]
[EventType "swiss"]
[EventRounds "6"]
[EventCountry "CAN"]

1. e4 c5 2. Nf3 Nc6 3. d4 cxd4 4. Nxd4 g6 5. c4 Bg7 6. Be3 Nf6 7. Nc3 Ng4 8.
Qxg4 Nxd4 9. Qd1 Ne6 10. Rc1 d6 11. Be2 O-O 12. O-O Nc5 13. f3 a5 14. a3 a4 15.
Bxc5 Bxc3 16. Bd4 Bxd4+ 17. Qxd4 Ra5 18. Rfd1 Qc7 19. Rd2 Be6 20. Rc3 Rc8 21.
f4 Qc5 22. Kf2 Qxd4+ 23. Rxd4 Rc6 24. Ke3 Rb6 25. Rd2 Kf8 26. Kd4 Rc5 27. g4 f6
28. Re3 Rbc6 29. Rc2 Bf7 30. e5 dxe5+ 31. fxe5 fxe5+ 32. Rxe5 Rxe5 33. Kxe5
Rc5+ 34. Kd4 b6 35. Rc3 g5 36. Re3 h6 37. Re4 Ra5 38. Kc3 e5 39. Kb4 Ke7 40.
Re3 Kf6 41. Rf3+ Kg7 42. Rd3 Ra8 43. Rd6 Rb8 44. Kxa4 e4 45. Kb4 Bg6 46. Kc3
Rf8 47. Rxb6 Rf2 48. Kd2 Rxh2 49. c5 h5 50. Rxg6+ Kxg6 51. c6 Rf2 52. gxh5+ Kh6
53. c7 Rf8 54. Bg4 1-0

[Event "Toronto op"]
[Site "Toronto CAN"]
[Date "1982.04.11"]
[Round "6"]
[White "Brodie, Hugh"]
[Black "Dumitrascu, Nicolas"]
[Result "1/2-1/2"]
[WhiteElo "1899"]
[BlackElo "1956"]
[PlyCount "167"]
[EventDate "1982.04.09"]
[EventType "swiss"]
[EventRounds "6"]
[EventCountry "CAN"]

1. f4 Nf6 2. Nf3 c5 3. e3 d5 4. b3 a6 5. Bb2 e6 6. Be2 Nc6 7. O-O Be7 8. Ne5
Qc7 9. d3 Bd6 10. Nxc6 bxc6 11. Nd2 e5 12. g3 exf4 13. exf4 Bb7 14. Bg4 O-O 15.
Bxf6 gxf6 16. Bf5 Bc8 17. Qh5 Bxf5 18. Qxf5 Rfe8 19. Rfe1 Bf8 20. Nf3 Bg7 21.
Nh4 Qc8 22. Qh5 Re6 23. Nf5 Qf8 24. Kf1 Rae8 25. Qg4 Kh8 26. Qxg7+ Qxg7 27.
Nxg7 Kxg7 28. Kf2 f5 29. Rxe6 fxe6 30. Re1 Kf6 31. Re5 Rg8 32. Kf3 Ke7 33. h3
h5 34. Re2 Kd6 35. c3 Rb8 36. g4 hxg4+ 37. hxg4 fxg4+ 38. Kxg4 Rg8+ 39. Kf3 Rg1
40. Rd2 Rc1 41. c4 Rb1 42. Ke3 Re1+ 43. Kf2 Rh1 44. Kg2 Ra1 45. Kf2 Ke7 46. Ke3
Kf6 47. cxd5 cxd5 48. Rc2 Kf5 49. Rxc5 Rxa2 50. Rc8 Ra3 51. Rf8+ Kg6 52. Rb8
Kf6 53. Rb7 Ra2 54. Ra7 Ra1 55. b4 Ra4 56. Rb7 Ra1 57. Ra7 Rb1 58. Rxa6 Rxb4
59. Ra8 Rb1 60. Ra7 Rh1 61. Ra8 Rh3+ 62. Ke2 Rh6 63. Ke3 Rh4 64. Ra7 Rh3+ 65.
Ke2 d4 66. Rd7 e5 67. fxe5+ Kxe5 68. Re7+ Kd6 69. Ra7 Re3+ 70. Kd2 Rg3 71. Ke2
Rg8 72. Ra5 Re8+ 73. Kd2 Ke6 74. Rh5 Ra8 75. Ke2 Ra1 76. Rg5 Kd6 77. Rh5 Rg1
78. Ra5 Ke6 79. Rb5 Rh1 80. Ra5 Rh3 81. Rb5 Rh1 82. Ra5 Rc1 83. Rh5 Kd6 84. Rg5
1/2-1/2

[Event "Burlington VT-1"]
[Site "Burlington USA"]
[Date "1982.02.06"]
[Round "1"]
[White "Blatt, E."]
[Black "Brodie, Hugh"]
[Result "1/2-1/2"]
[WhiteElo "1572"]
[BlackElo "1906"]
[PlyCount "58"]
[EventDate "1982.02.06"]
[EventType "swiss"]
[EventRounds "3"]
[EventCountry "USA"]

1. Nf3 d6 2. e4 c5 3. d4 cxd4 4. Nxd4 Nf6 5. Nc3 g6 6. Bc4 Bg7 7. Be3 O-O 8. f3
Nc6 9. Qd2 Bd7 10. O-O-O Qa5 11. Bb3 Rfc8 12. h4 Ne5 13. Kb1 Nc4 14. Bxc4 Rxc4
15. Nb3 Qa6 16. Bh6 Bh8 17. h5 Rxc3 18. bxc3 Rc8 19. hxg6 hxg6 20. Qd3 Bb5 21.
Qd2 Bc4 22. Be3 Be6 23. Bd4 Bg7 24. g4 Rc4 25. Kb2 Ra4 26. Ra1 Qc4 27. Qd3 Qc6
28. Qd2 Qc4 29. Qd3 Qc6 1/2-1/2

[Event "Burlington VT-1"]
[Site "Burlington USA"]
[Date "1982.02.06"]
[Round "2"]
[White "Brodie, Hugh"]
[Black "Campisi, L."]
[Result "1-0"]
[WhiteElo "1906"]
[BlackElo "1578"]
[PlyCount "43"]
[EventDate "1982.02.06"]
[EventType "swiss"]
[EventRounds "3"]
[EventCountry "USA"]

1. f4 e5 2. fxe5 d6 3. exd6 Bxd6 4. Nf3 g5 5. g3 f5 6. d4 f4 7. e4 g4 8. e5
gxf3 9. exd6 f2+ 10. Kxf2 fxg3+ 11. hxg3 Nf6 12. Qe1+ Kf7 13. Bc4+ Kg7 14. Bh6+
Kg6 15. Bf4 cxd6 16. Nd2 Re8 17. Qf1 Nc6 18. Nf3 Ng4+ 19. Kg1 h5 20. Qd3+ Bf5
21. Bf7+ Kxf7 22. Qxf5+ 1-0

[Event "Burlington VT-1"]
[Site "Burlington USA"]
[Date "1982.02.06"]
[Round "3"]
[White "Salgado, T."]
[Black "Brodie, Hugh"]
[Result "0-1"]
[WhiteElo "1906"]
[BlackElo "1918"]
[PlyCount "76"]
[EventDate "1982.02.06"]
[EventType "swiss"]
[EventRounds "3"]
[EventCountry "USA"]

1. e4 c5 2. d4 cxd4 3. c3 Nf6 4. e5 Nd5 5. Qxd4 e6 6. Bc4 Nb6 7. Bb3 Nc6 8. Qe4
d6 9. Nf3 dxe5 10. Nxe5 Nxe5 11. Qxe5 Qd3 12. Nd2 Bd7 13. Qe4 Bb5 14. Bc2 Qxe4+
15. Bxe4 O-O-O 16. a4 Nxa4 17. c4 Be8 18. O-O Nc5 19. Rxa7 Kb8 20. Ra1 Rxd2 21.
Bxd2 Nxe4 22. Be3 Bc5 23. Bxc5 Nxc5 24. b4 Ne4 25. Rfd1 Kc7 26. Ra8 Nd6 27. c5
Nc8 28. Ra5 Bc6 29. b5 Bd5 30. Rc1 Rd8 31. f4 Be4 32. Re1 Rd4 33. c6 bxc6 34.
bxc6 Bxc6 35. Raa1 Rxf4 36. Rf1 Rxf1+ 37. Rxf1 f6 38. Kf2 Ne7 0-1

[Event "Toronto Class ch"]
[Site "Toronto CAN"]
[Date "1982.01.15"]
[Round "1"]
[White "Braund, D."]
[Black "Brodie, Hugh"]
[Result "1/2-1/2"]
[WhiteElo "1423"]
[BlackElo "1880"]
[PlyCount "31"]
[EventDate "1982.01.15"]
[EventType "swiss"]
[EventRounds "5"]
[EventCountry "CAN"]

1. e4 c5 2. f4 d6 3. Nf3 Nc6 4. Bb5 g6 5. Nc3 Bg7 6. Bxc6+ bxc6 7. O-O e6 8. d3
Ne7 9. Qe1 O-O 10. Kh1 Rb8 11. Rb1 Qa5 12. Bd2 Ba6 13. Nd5 Qd8 14. Nxe7+ Qxe7
15. Bc3 Bxc3 16. Qxc3 1/2-1/2

[Event "Toronto Class ch"]
[Site "Toronto CAN"]
[Date "1982.01.16"]
[Round "2"]
[White "Brodie, Hugh"]
[Black "D'Agostino, S."]
[Result "1-0"]
[WhiteElo "1880"]
[BlackElo "1857"]
[PlyCount "61"]
[EventDate "1982.01.15"]
[EventType "swiss"]
[EventRounds "5"]
[EventCountry "CAN"]

1. f4 e6 2. Nf3 d5 3. e3 Nf6 4. b3 Be7 5. Bb2 O-O 6. Be2 b6 7. O-O Bb7 8. Ne5
Nbd7 9. Rf3 d4 10. Bxd4 c5 11. Bb2 Nxe5 12. fxe5 Bxf3 13. Bxf3 Nd5 14. c4 Nxe3
15. dxe3 Qxd1+ 16. Bxd1 Rad8 17. Bc2 Bg5 18. Kf2 f5 19. Ke2 f4 20. exf4 Rxf4
21. Bc3 Rdf8 22. Be1 R4f7 23. Nd2 Bxd2 24. Kxd2 Rf1 25. Rd1 Rg1 26. Be4 Rff1
27. Ke2 g6 28. Rd8+ Kf7 29. Bf2 a5 30. Bxg1 Rxg1 31. Rd1 1-0

[Event "Toronto Class ch"]
[Site "Toronto CAN"]
[Date "1982.01.16"]
[Round "3"]
[White "Brodie, Hugh"]
[Black "Adela, P."]
[Result "1/2-1/2"]
[WhiteElo "1880"]
[BlackElo "1822"]
[PlyCount "83"]
[EventDate "1982.01.15"]
[EventType "swiss"]
[EventRounds "5"]
[EventCountry "CAN"]

1. Nf3 d5 2. b3 Nf6 3. Bb2 Bg4 4. e3 e6 5. Be2 Bd6 6. O-O O-O 7. Ne5 Bxe2 8.
Qxe2 Bxe5 9. Bxe5 Nc6 10. Bb2 e5 11. f4 Re8 12. fxe5 Nxe5 13. Rf5 Qd6 14. Qf1
Re6 15. Nc3 Rae8 16. Nb5 Qb6 17. Nd4 R6e7 18. Qb5 Qxb5 19. Nxb5 a6 20. Nd4 Ne4
21. Rd1 c5 22. Nf3 f6 23. Nxe5 fxe5 24. d3 Nd6 25. Rf3 Rf7 26. Rdf1 Rxf3 27.
Rxf3 e4 28. dxe4 Nxe4 29. Rf5 Rd8 30. Kf1 Rf8 31. Rf4 Rxf4+ 32. exf4 g6 33. Ke2
Kf7 34. Ke3 Ke6 35. g4 b5 36. c4 bxc4 37. bxc4 Nd6 38. cxd5+ Kxd5 39. Bg7 Nc4+
40. Kd3 Nd6 41. Bf8 Nb5 42. Bg7 1/2-1/2

[Event "Toronto Class ch"]
[Site "Toronto CAN"]
[Date "1982.01.17"]
[Round "4"]
[White "Jagdeo, P."]
[Black "Brodie, Hugh"]
[Result "1/2-1/2"]
[WhiteElo "1954"]
[BlackElo "1880"]
[PlyCount "195"]
[EventDate "1982.01.15"]
[EventType "swiss"]
[EventRounds "5"]
[EventCountry "CAN"]

1. d4 e6 2. e4 d5 3. Nd2 Nf6 4. e5 Nfd7 5. Bd3 c5 6. c3 Nc6 7. Ne2 Be7 8. f4
O-O 9. O-O f5 10. Nf3 Nb6 11. Qe1 Bd7 12. Kh1 cxd4 13. cxd4 Nb4 14. Bb1 Rc8 15.
Bd2 Na6 16. b3 Bb5 17. Rg1 Bxe2 18. Qxe2 g6 19. a3 Kf7 20. g4 Qd7 21. gxf5 exf5
22. Bd3 Nc7 23. Ng5+ Bxg5 24. Rxg5 Ke8 25. Bb4 Rf7 26. Rgg1 a6 27. Rac1 Ne6 28.
Qe3 Na8 29. Rxc8+ Qxc8 30. Rc1 Qd8 31. Kg2 Nac7 32. Be1 Qe7 33. a4 Qa3 34. Rc2
Kd8 35. Bh4+ Kc8 36. Be2 Kb8 37. Kf3 Qb4 38. Bf2 Qf8 39. h4 Qh6 40. Bg3 Qf8 41.
Qc3 Qe7 42. b4 Qd7 43. b5 axb5 44. axb5 b6 45. Qb4 Qe7 46. Qc3 Qd7 47. Ke3 Kb7
48. Be1 Rf8 49. Qb3 Rc8 50. Bf3 Rd8 51. Rc6 Nxb5 52. Rxe6 Qxe6 53. Qxb5 Qc6 54.
Qxc6+ Kxc6 55. h5 Ra8 56. Be2 Kd7 57. hxg6 hxg6 58. Bb5+ Ke6 59. Kf3 Ra3+ 60.
Kg2 Re3 61. Bf2 Ra3 62. Be8 Ra8 63. Bb5 Ra5 64. Bc6 Ra7 65. Kf3 Rc7 66. Bb5
Rc3+ 67. Ke2 Rc8 68. Kd2 Rg8 69. Bh4 Rh8 70. Bg5 Rc8 71. Bd3 Kd7 72. Bc2 Ke6
73. Bh4 Rc4 74. Kd3 Rc8 75. Ba4 Rh8 76. Bf6 Rc8 77. Bh4 Rh8 78. Be1 Ra8 79. Bb5
Rc8 80. Bc3 Rg8 81. Ba6 Ra8 82. Bb5 Rg8 83. Kc2 g5 84. fxg5 Rxg5 85. Ba6 Rg8
86. Kb3 f4 87. Kc2 Kf5 88. Bd3+ Kg4 89. Be2+ Kg3 90. Be1+ Kg2 91. Bb5 f3 92. e6
f2 93. Bxf2 Kxf2 94. e7 Ke3 95. Kc3 Rc8+ 96. Kb4 Kxd4 97. e8=Q Rxe8 98. Bxe8
1/2-1/2

[Event "Toronto Class ch"]
[Site "Toronto CAN"]
[Date "1982.01.17"]
[Round "5"]
[White "Klarner, William"]
[Black "Brodie, Hugh"]
[Result "1-0"]
[WhiteElo "1930"]
[BlackElo "1880"]
[PlyCount "85"]
[EventDate "1982.01.15"]
[EventType "swiss"]
[EventRounds "5"]
[EventCountry "CAN"]

1. c4 e5 2. Nc3 Nc6 3. Nf3 f5 4. d3 d6 5. g3 Nge7 6. Bg2 g6 7. Bd2 Bg7 8. Qc1
O-O 9. Bg5 Be6 10. Rb1 Qd7 11. b4 Nd8 12. Bh6 Nf7 13. Bxg7 Kxg7 14. O-O h6 15.
Qb2 Kh7 16. a4 g5 17. b5 f4 18. Rfd1 Bf5 19. Rbc1 Rab8 20. Nd2 Bh3 21. Nde4 Nd8
22. d4 Bxg2 23. Kxg2 exd4 24. Rxd4 Qf5 25. Qc2 f3+ 26. exf3 Qxf3+ 27. Kg1 Kh8
28. Re1 Rf7 29. Rd3 Qf5 30. Qb2 Kh7 31. Rde3 Ng6 32. Nd5 Ne5 33. Qc2 Kg7 34. f4
gxf4 35. gxf4 Ng4 36. Rg3 Kf8 37. Qe2 h5 38. Ng5 Rd7 39. Qe8+ Kg7 40. Qxh5 c6
41. Rxg4 cxd5 42. Ne6+ Kf6 43. Qh6+ 1-0

[Event "Pere Noel"]
[Site "Montreal CAN"]
[Date "1981.12.26"]
[Round "1"]
[White "Brodie, Hugh"]
[Black "Chartrand, Paul"]
[Result "1-0"]
[WhiteElo "1931"]
[BlackElo "1554"]
[PlyCount "53"]
[EventDate "1981.12.26"]
[EventType "swiss"]
[EventRounds "5"]
[EventCountry "CAN"]

1. f4 b6 2. Nf3 Bb7 3. e3 Nf6 4. b3 e6 5. Bb2 Be7 6. Be2 Nc6 7. O-O O-O 8. Ne5
d6 9. Ng4 Nxg4 10. Bxg4 Bf6 11. Bxf6 Qxf6 12. Nc3 d5 13. d4 Qg6 14. Rc1 Ne7 15.
Bh3 Nf5 16. Rf3 c5 17. Bxf5 Qxf5 18. Ne2 Rac8 19. Ng3 Qf6 20. Nh5 Qf5 21. Rg3
Kh8 22. Nxg7 Qe4 23. Nh5 Qf5 24. Rg5 Qe4 25. Qd2 cxd4 26. exd4 Ba6 27. Ng3 1-0

[Event "Pere Noel"]
[Site "Montreal CAN"]
[Date "1981.12.27"]
[Round "2"]
[White "Finta, Robert"]
[Black "Brodie, Hugh"]
[Result "1-0"]
[WhiteElo "2158"]
[BlackElo "1931"]
[PlyCount "103"]
[EventDate "1981.12.26"]
[EventType "swiss"]
[EventRounds "5"]
[EventCountry "CAN"]

1. e4 c5 2. Nf3 Nc6 3. d4 cxd4 4. Nxd4 g6 5. Nc3 Bg7 6. Be3 Nf6 7. Be2 O-O 8.
f4 d5 9. e5 Ne4 10. Nxe4 dxe4 11. Nxc6 bxc6 12. Qxd8 Rxd8 13. Bc5 Kf8 14. Kf2
Ke8 15. Rhd1 Rd5 16. Rxd5 cxd5 17. Rd1 e6 18. Rd4 Bd7 19. Ba6 Bc6 20. b4 Bf8
21. Bxf8 Kxf8 22. b5 Bd7 23. c4 Bc8 24. cxd5 Bxa6 25. bxa6 exd5 26. Rxd5 Rb8
27. Ke3 Rb6 28. Rd6 Rb4 29. Rd4 Rb2 30. Rd2 Rb4 31. g4 Ra4 32. f5 gxf5 33. gxf5
Rxa6 34. Kxe4 Ke7 35. Kf4 Ra4+ 36. Kg5 Ra5 37. Re2 Ra6 38. h4 h6+ 39. Kh5 Ra4
40. Rb2 Re4 41. Rb7+ Ke8 42. f6 Rxe5+ 43. Kxh6 Ra5 44. Kg7 Rxa2 45. Re7+ Kd8
46. Kxf7 Rh2 47. Rxa7 Rxh4 48. Kf8 Rf4 49. f7 Rg4 50. Ra5 Rg1 51. Rd5+ Kc7 52.
Ke7 1-0

[Event "Pere Noel"]
[Site "Montreal CAN"]
[Date "1981.12.28"]
[Round "3"]
[White "Brodie, Hugh"]
[Black "Arsenault, D."]
[Result "1-0"]
[WhiteElo "1931"]
[BlackElo "1658"]
[PlyCount "85"]
[EventDate "1981.12.26"]
[EventType "swiss"]
[EventRounds "5"]
[EventCountry "CAN"]

1. f4 d5 2. e3 c5 3. b3 Nf6 4. Bb2 Nc6 5. Bb5 Bg4 6. Nf3 a6 7. Bxc6+ bxc6 8.
O-O e6 9. Qe1 Bxf3 10. Rxf3 g6 11. d3 Be7 12. Nd2 O-O 13. Rh3 h5 14. Qg3 Ng4
15. Qxg4 Bf6 16. Bxf6 Qxf6 17. Qd1 Qb2 18. a4 f6 19. Rb1 Qc3 20. Nf3 Kf7 21.
Qd2 Qb4 22. Qxb4 cxb4 23. Nd2 Rac8 24. e4 Rc7 25. g4 Rh8 26. gxh5 Rxh5 27. Rxh5
gxh5 28. Kf2 Kg7 29. Rg1+ Kh7 30. Rg3 a5 31. f5 e5 32. Rg6 Rf7 33. Kg3 Rf8 34.
Kh4 Rf7 35. Kxh5 Rf8 36. Kg4 Rf7 37. Kf3 Rf8 38. Ke2 Rf7 39. Nf1 Rf8 40. Ng3
Rf7 41. Nh5 Kh8 42. Nxf6 dxe4 43. Rg8# 1-0